[Event "Kecskemet3"]
[Site "Kecskemet"]
[Date "1992.??.??"]
[Round "2"]
[White "Vaulin, Alexander"]
[Black "Landenbergue, Claude"]
[Result "1/2-1/2"]
[WhiteElo "2520"]
[BlackElo "2410"]

1.c4 Nf6 2.g3 g6 3.Bg2 Bg7 4.d4 O-O 5.Nf3 d6 6.O-O Nbd7 7.Nc3 e5 8.e4 exd4
9.Nxd4 Re8 10.h3 a6 11.Bg5 Rb8 12.b3 Ne5 13.Nd5 c6 14.Nxf6+ Bxf6 15.Bxf6 Qxf6
16.f4 Nd7 17.Qd2 Nc5 18.Rfe1 Bd7 19.Rad1 Rbd8 20.Kh2 Bc8 21.Qa5 Nd7 22.Ne2 Nf8
23.Rd2 h5 24.Red1 Rd7 25.Qc3 Qe7 26.Qb4 f5 27.exf5 gxf5 28.Qa5 Qf6 29.Qc3 Qxc3
30.Nxc3 h4 31.gxh4 Ng6 32.Rxd6 Rxd6 33.Rxd6 Nxf4 34.Kg3 Nh5+ 35.Kf2 Kf7 36.Ne2 Ke7
37.Rd4 Be6 38.Bf3 Nf6 39.Nf4 Bf7 40.Nd3 Rc8 41.Nf4 c5 42.Rd1 b5 43.Bb7 Rb8
44.Bxa6 bxc4 45.Bxc4 Bxc4 46.bxc4 Rb2+ 47.Ke3 Rxa2 48.Nd5+ Nxd5+ 49.Rxd5 Ra3+
50.Kf4 Rxh3 51.Kg5 Ke6 52.Rxf5 Rxh4 53.Rxc5 Rd4  1/2-1/2

[Event "Kecskemet"]
[Site "Kecskemet"]
[Date "1992.??.??"]
[Round "9"]
[White "Stajcic, Nikola"]
[Black "Weindl, Alfred"]
[Result "0-1"]
[WhiteElo "2320"]
[BlackElo "2365"]

1.d4 Nf6 2.Nf3 g6 3.g3 Bg7 4.Bg2 O-O 5.c4 d6 6.O-O Nbd7 7.Qc2 e5 8.Rd1 Re8
9.Nc3 c6 10.e4 exd4 11.Nxd4 Qe7 12.b3 Nc5 13.f3 Bd7 14.Rb1 Rad8 15.b4 Ne6
16.Nb3 Nh5 17.f4 f5 18.exf5 Nexf4 19.gxf4 Bxf5 20.Qd2 Bxc3 21.Qxc3 Bxb1 22.Bb2 Qe3+
23.Qxe3 Rxe3 24.Rxb1 Nxf4 25.Bf1 Rde8 26.Kf2 Nh3+ 27.Bxh3 Rxh3 28.Kg2 Rh4
29.Nd4 c5 30.bxc5 dxc5 31.Nf3 Rxc4 32.Be5 Rc2+ 33.Kg3 b6 34.a3 Re2 35.Bf4 Rd8
36.Bh6 Rd3 37.a4 Re5 38.h4 Rf5 39.Bf4 h6 40.Kg4 Rxf3 41.Kxf3 g5 42.hxg5 hxg5
43.a5 Rxf4+ 44.Ke3 Rb4 45.Rd1 Rd4 46.Rb1 Rd6 47.Ke4 Kf7 48.Ke5 Re6+ 49.Kf5 Ke7
50.Rh1 Kd7 51.Kxg5 Kc6 52.Rh7 Kb5 53.Rxa7 bxa5 54.Kf5 Re1 55.Rb7+ Kc4 56.Ra7 Kb4
57.Rb7+ Kc3 58.Rb5 c4 59.Rxa5 Kb2 60.Rb5+ Kc2 61.Kf4 c3 62.Kf3 Kd2 63.Kf2 Re8
64.Rd5+ Kc1 65.Rd7 c2 66.Rb7 Re5  0-1

[Event "Kecskemet"]
[Site "Kecskemet"]
[Date "1992.??.??"]
[Round "13"]
[White "Aseev, Konstantin N"]
[Black "Weindl, Alfred"]
[Result "1-0"]
[WhiteElo "2560"]
[BlackElo "2365"]

1.Nf3 Nf6 2.c4 g6 3.g3 d6 4.d4 Bg7 5.Bg2 O-O 6.O-O Nbd7 7.Nc3 e5 8.h3 c6
9.e4 exd4 10.Nxd4 Re8 11.Be3 Nc5 12.Qc2 a5 13.Nb3 Nfd7 14.Rad1 Qe7 15.Rfe1 a4
16.Nxc5 Nxc5 17.Bd4 Be6 18.Bxg7 Kxg7 19.Rd4 Red8 20.Red1 Kg8 21.Bf1 Rd7 22.R1d2 f6
23.Qd1 Bf7 24.Rxd6 Rxd6 25.Rxd6 Bd5 26.Rxd5 cxd5 27.Nxd5 Qd6 28.Qd4 Rf8 29.Bg2 h6
30.f4 Nd7 31.Kh2 g5 32.b4 axb3 33.axb3 gxf4 34.gxf4 Qc5 35.Qd2 Rf7 36.Bf3 Rg7
37.Bg4 f5 38.b4 Qd6 39.Bxf5 Nf6 40.e5  1-0

[Event "Kobanya op"]
[Site "Kobanya op"]
[Date "1992.??.??"]
[Round "7"]
[White "Bagaturov, Giorgi"]
[Black "Zimmerman, Yuri"]
[Result "1-0"]
[WhiteElo "2420"]
[BlackElo "2280"]

1.d4 Nf6 2.Nf3 g6 3.c4 Bg7 4.g3 O-O 5.Bg2 d6 6.O-O Nc6 7.Nc3 a6 8.h3 e5 9.d5 Ne7
10.e4 b5 11.cxb5 axb5 12.b4 c6 13.dxc6 Nxc6 14.Rb1 Be6 15.a3 Bc4 16.Re1 Qc7
17.Bb2 Rfd8 18.Qc2 Qb6 19.Nd2 Be6 20.Nd5 Bxd5 21.exd5 Nd4 22.Qd3 Rdc8 23.Nb3 Nxb3
24.Qxb3 Nd7 25.Rbc1 e4 26.Rc6 Rxc6 27.dxc6 Bxb2 28.Qxb2 Ne5 29.Bxe4 Rc8 30.Rd1 Rxc6
31.Bxc6 Qxc6 32.Qb3 Nc4 33.Qc3 Qa8 34.Re1 Ne5 35.Re3 Nc4 36.Rd3 Ne5 37.Rxd6 Nf3+
38.Kf1 Ng5 39.Rc6  1-0

[Event "Kuala Lumpur op"]
[Site "Kuala Lumpur"]
[Date "1992.??.??"]
[Round "6"]
[White "Ravi, Lanka"]
[Black "Ong Chong Ghee"]
[Result "1-0"]
[WhiteElo "2370"]
[BlackElo "2205"]

1.Nf3 Nf6 2.d4 g6 3.c4 Bg7 4.g3 O-O 5.Bg2 d6 6.O-O Nbd7 7.Nc3 e5 8.e4 exd4
9.Nxd4 Re8 10.h3 a6 11.Be3 Rb8 12.a4 Nc5 13.Qc2 a5 14.Rad1 Qe7 15.Rfe1 c6
16.Kh2 Nfd7 17.f4 h5 18.Bf2 Nf8 19.Nf3 Be6 20.b3 Rbd8 21.Bd4 Bxd4 22.Nxd4 Qf6
23.e5 dxe5 24.fxe5 Qg5 25.h4 Qe7 26.Bf3 Rd7 27.Nce2 Red8 28.Qc3 Bg4 29.Bxg4 hxg4
30.Nf4 Nxb3 31.Qxb3 Rxd4 32.Rxd4 Rxd4 33.Qc3 Qc5 34.e6 fxe6 35.Nxe6 Nxe6
36.Rxe6 Qxc4 37.Qe1 Qc2+ 38.Re2 Re4 39.Rxc2 Rxe1 40.Rc4 Re2+ 41.Kg1 Rb2 42.Rxg4 Kf7
43.Rf4+ Kg7 44.Rd4 b5 45.Kf1 b4 46.Ke1 Rg2 47.Kd1 b3 48.Kc1 Rc2+ 49.Kb1 c5
50.Rd5 Kf6 51.g4 Ke6 52.Rg5 Kd6 53.Rxg6+ Ke5 54.h5 Rh2 55.h6 c4 56.Rg5+ Ke4
57.Rh5 Rd2 58.Rc5 Kf4 59.h7 Rd8 60.g5 c3 61.Rxc3 Kxg5 62.Rh3 Rh8 63.Kb2 Kf6
64.Kxb3 Ke6 65.Kc4 Kd7 66.Kb5 Kd6 67.Kxa5 Kc6 68.Kb4  1-0

[Event "Leeuwarden op"]
[Site "Leeuwarden"]
[Date "1992.??.??"]
[Round "8"]
[White "Maiwald, Jens Uwe"]
[Black "Nijboer, Friso"]
[Result "1/2-1/2"]
[WhiteElo "2375"]
[BlackElo "2485"]

1.d4 Nf6 2.c4 g6 3.Nf3 Bg7 4.g3 O-O 5.Bg2 d6 6.O-O Nc6 7.Nc3 e5 8.d5 Ne7
9.c5 Ne8 10.cxd6 cxd6 11.a4 f5 12.Nd2 g5 13.Nc4 Ng6 14.Bd2 Rf7 15.a5 Bf8
16.Qb3 g4 17.a6 b6 18.Nb5 Bd7 19.e3 h5 20.f4 gxf3 21.Rxf3 e4 22.Rf2 Bxb5
23.Qxb5 h4 24.Raf1 hxg3 25.Rxf5 gxh2+ 26.Kh1 Rxf5 27.Rxf5 Ng7 28.Rf1 Nh4
29.Bxe4 Qe7 30.Rf4 Qg5 31.Kxh2 Re8 32.Be1 Rxe4 33.Bxh4 Qg6 34.Bf2 Rxf4 35.exf4 Nf5
36.Nd2 Bh6 37.Qa4 Qh5+ 38.Kg1 Qg4+ 39.Kf1 Bxf4 40.Qe8+ Kg7 41.Qd7+  1/2-1/2

[Event "Linares NL"]
[Site "Linares"]
[Date "1992.??.??"]
[Round "?"]
[White "Bradford, Joseph M"]
[Black "Martin del Campo, Roberto"]
[Result "1-0"]
[WhiteElo "2425"]
[BlackElo "2425"]

1.Nf3 Nf6 2.c4 g6 3.d4 Bg7 4.g3 O-O 5.Bg2 d6 6.Nc3 Nc6 7.O-O Bg4 8.h3 Bxf3
9.Bxf3 Nd7 10.Be3 e5 11.Bxc6 bxc6 12.Rc1 Qe7 13.b3 Qe6 14.Kg2 exd4 15.Bxd4 Bh6
16.f4 c5 17.Bf2 Bg7 18.Nb5 Rfc8 19.Qd5 Qe7 20.Qf3 Nf6 21.Nc3 Re8 22.Qc6 Rac8
23.Kf3 Nd7 24.Kg2 Nb8 25.Qa4 Bxc3 26.Rxc3 Qe4+ 27.Kg1 Qf5 28.Re1 Qxh3 29.Qxa7 Nd7
30.Qb7 c6 31.Re3 Nf6 32.Rxe8+ Rxe8 33.Qxc6 Re4 34.Qxd6 Kg7 35.Qd3 h5 36.Qf3 Qf5
37.Be3 h4 38.gxh4 Rxe3 39.Qxe3 Qg4+ 40.Kf1 Qxh4 41.Qf2 Qh1+ 42.Qg1 Qh4 43.e3 Ne4
44.Qg2 Ng3+ 45.Kg1 Nf5 46.Re2 Qh5 47.Kf1 Qh4 48.a4 Ng3+ 49.Ke1 Nxe2+ 50.Kxe2 Qf6
51.Kd3 Qa1 52.Qd2 f6 53.Ke2 Kh6 54.Qd8 Kh5 55.Qd7 g5 56.Qh3+ Kg6 57.f5+ Kg7
58.Qg3 Qb2+ 59.Kf3 Qxb3 60.Qc7+ Kh6 61.Qd6 g4+ 62.Kxg4 Qxe3 63.Qf4+  1-0

[Event "Los Angeles"]
[Site "Los Angeles"]
[Date "1992.??.??"]
[Round "?"]
[White "Chapa, Eric"]
[Black "Schroer, Jonathan"]
[Result "1/2-1/2"]
[WhiteElo "2220"]
[BlackElo "2395"]

1.d4 Nf6 2.c4 g6 3.Nf3 Bg7 4.g3 O-O 5.Bg2 d6 6.O-O Nbd7 7.Nc3 e5 8.e4 c6
9.h3 Qb6 10.d5 Nc5 11.Re1 Bd7 12.Rb1 cxd5 13.cxd5 a5 14.Bf1 Ne8 15.Be3 f5
16.Nd2 f4 17.Nc4 Qc7 18.gxf4 exf4 19.Bd4 b5 20.Bxg7 Nxg7 21.Nd2 Rab8 22.Rc1 Qd8
23.Nf3 b4 24.Nb1 Rc8 25.Nbd2 Re8 26.Kh2 Qf6 27.b3 g5 28.e5 dxe5 29.Rxc5 Rxc5
30.Ne4 Qb6 31.Nxc5 Qxc5 32.Qd2 Qc3 33.Qxc3 bxc3 34.Rc1 g4 35.hxg4 Bxg4 36.Rxc3 Nf5
37.Nd2 e4 38.Nxe4 Rxe4 39.f3 Rd4 40.fxg4 Ne3 41.Bc4 Nxg4+ 42.Kg2 Ne3+ 43.Kf3 Kf7
44.Rd3 Rxd3 45.Bxd3 Nxd5 46.Bxh7 Ke7 47.Be4 Nc3 48.a3 Nb5 49.b4 a4 50.Kxf4 Nxa3
51.Bc6 Nc2 52.Bxa4 Nxb4  1/2-1/2

[Event "Manila ol (Men)"]
[Site "Manila"]
[Date "1992.??.??"]
[Round "?"]
[White "Gamboa, Nelson"]
[Black "Djurhuus, Rune"]
[Result "0-1"]
[WhiteElo "2405"]
[BlackElo "2420"]

1.d4 Nf6 2.c4 g6 3.Nf3 Bg7 4.g3 O-O 5.Bg2 d6 6.O-O c5 7.Nc3 Nc6 8.h3 Bd7
9.Be3 cxd4 10.Nxd4 Nxd4 11.Bxd4 Qc8 12.Qb3 Bc6 13.Nd5 Bxd5 14.cxd5 Nd7 15.Bxg7 Kxg7
16.Rac1 Qb8 17.Rc4 Rc8 18.Rfc1 Rxc4 19.Rxc4 Kg8 20.Kh2 Nb6 21.Rh4 Qd8 22.Qe3 Nd7
23.f4 a6 24.f5 Rc8 25.fxg6 fxg6 26.Qe6+ Kg7 27.Re4 Ne5 28.h4 Qc7 29.Re3 Rf8
30.Rc3 Qd8 31.b3 h5 32.Bf3 Rf6 33.Qh3 Qa5 34.Qc8 Qxa2 35.Rc2 Qxb3 36.Rc7 Rf7
37.Qxb7 Qxb7 38.Rxb7 Kf6 39.Be4 Rf8 40.Ra7 Rb8 41.Rxa6 Rb2 42.Ra4 Rxe2+ 43.Kg1 Nd7
44.Bf3 Rd2 45.g4 Ne5 46.g5+ Kg7 47.Bg2 Ng4 48.Bf3 Ne3 49.Re4 Nxd5 50.Kf1 Kf7
51.Ke1 Rb2 52.Be2 Nb6 53.Rf4+ Kg7 54.Re4 e5 55.Re3 Nd5 56.Ra3 Nf4 57.Ra7+ Kf8
58.Bf3 d5 59.Ra6 Ke7 60.Ra7+ Kd6 61.Ra6+ Kc5  0-1

[Event "Manila ol (Women)"]
[Site "Manila"]
[Date "1992.??.??"]
[Round "?"]
[White "Voiska, Margarita"]
[Black "Matveeva, Svetlana"]
[Result "1/2-1/2"]
[WhiteElo "2345"]
[BlackElo "2425"]

1.d4 Nf6 2.Nf3 d6 3.c4 g6 4.g3 Bg7 5.Bg2 O-O 6.O-O Nbd7 7.Qc2 e5 8.Rd1 Re8
9.dxe5 dxe5 10.e4 c6 11.h3 Qc7 12.c5 b5 13.cxb6 axb6 14.Nc3 Nc5 15.Be3 Nfd7
16.b4 Ne6 17.a4 Bb7 18.Qb3 Red8 19.Rac1 Qb8 20.Ng5 Nxg5 21.Bxg5 Nf6 22.Be3 Rxd1+
23.Qxd1 Bf8 24.Qb3 Bc8 25.Bf1 Qb7 26.Kh2 Be6 27.Bc4 Bxc4 28.Qxc4 b5 29.axb5 cxb5
30.Qxb5 Qxb5 31.Nxb5 Bxb4  1/2-1/2

[Event "Manila ol (Women)"]
[Site "Manila"]
[Date "1992.??.??"]
[Round "?"]
[White "Voiska, Margarita"]
[Black "Lumongdong, Lisa Karlina"]
[Result "1-0"]
[WhiteElo "2345"]
[BlackElo "2055"]

1.d4 Nf6 2.Nf3 g6 3.c4 Bg7 4.g3 O-O 5.Bg2 d6 6.O-O Nc6 7.d5 Na5 8.Nfd2 c5
9.Nc3 a6 10.Qc2 Bd7 11.b3 e5 12.Bb2 b5 13.Rae1 Rb8 14.Ncb1 Ng4 15.h3 Nh6
16.Kh2 bxc4 17.bxc4 f5 18.Bc3 Qc7 19.f4 Nf7 20.e4 Rbe8 21.Qc1 Bh6 22.Qa3 Nb7
23.Bb2 Qa5 24.Qb3 Qb4 25.Qc2 Ba4 26.Qc1 exf4 27.gxf4 fxe4 28.Bc3 Qb6 29.Nxe4 Rxe4
30.Rxe4 Ne5 31.Bd2 Nd3 32.Qc3 Nb4 33.Re7 Nc2 34.f5  1-0

[Event "Manila ol (Women)"]
[Site "Manila"]
[Date "1992.??.??"]
[Round "?"]
[White "Tazhieva, Lyazzat"]
[Black "Maskova, Jana"]
[Result "1-0"]
[WhiteElo "2190"]
[BlackElo "2235"]

1.d4 Nf6 2.c4 g6 3.Nf3 Bg7 4.g3 O-O 5.Bg2 d6 6.O-O Nbd7 7.Qc2 c6 8.Nc3 e5
9.Rd1 Qc7 10.h3 Re8 11.e4 a5 12.Be3 exd4 13.Nxd4 Nc5 14.Rac1 Qe7 15.f3 Nfd7
16.Bf2 Bh6 17.f4 Nf6 18.Re1 Qc7 19.Rcd1 a4 20.Kh2 Ra5 21.Nf3 Be6 22.Bd4 Nh5
23.b4 axb3 24.axb3 Na6 25.Qf2 c5 26.Be3 Nb4 27.e5 dxe5 28.Nxe5 Bf8 29.Nb5 Rxb5
30.cxb5 Ra8 31.Ra1 Rxa1 32.Rxa1 Bxb3 33.Ra8 b6 34.Qd2 Be6 35.Qd8 Qxd8 36.Rxd8 Nf6
37.f5  1-0

[Event "Manila ol (Women)"]
[Site "Manila"]
[Date "1992.??.??"]
[Round "?"]
[White "Stefanova, Antoaneta"]
[Black "Karakashian, Narine"]
[Result "1-0"]
[WhiteElo "2140"]
[BlackElo "2175"]

1.d4 Nf6 2.Nf3 g6 3.g3 Bg7 4.Bg2 O-O 5.c4 d6 6.Qc2 c5 7.d5 e5 8.Nc3 h6 9.O-O Nh5
10.e4 Nd7 11.a3 Ndf6 12.b4 b6 13.Rb1 Ne8 14.bxc5 bxc5 15.Bd2 f5 16.Nh4 Qf6
17.Qa4 g5 18.Qc6 gxh4 19.Qxa8 Ba6 20.Rb8 Qf7 21.Nb5 Bxb5 22.cxb5 fxe4 23.Rb7 Qf5
24.Qxa7 h3 25.Bh1 Nf4 26.Bxf4 exf4 27.Re7 fxg3 28.hxg3 Be5 29.Qd7 Qh5 30.Bxe4 Ng7
31.Rxg7+ Bxg7 32.Qxd6 h2+ 33.Kh1 Qe2 34.Qe6+ Kh8 35.Bg2 Qxb5 36.Kxh2 Rf6
37.Qc8+ Rf8 38.Qc6 Qa5 39.a4 Qb4 40.d6 Qd4 41.d7 c4 42.a5 Bf6 43.a6 Rf7 44.Bd5 Rf8
45.Bxc4 Kg7 46.Qd5 Qxd5 47.Bxd5 Bd4 48.f4 Rd8 49.Bc6 Kf6 50.Re1  1-0

[Event "Manila ol (Women)"]
[Site "Manila"]
[Date "1992.??.??"]
[Round "?"]
[White "Shumiakina, Tatiana"]
[Black "Wang Pin"]
[Result "0-1"]
[WhiteElo "2340"]
[BlackElo "2345"]

1.d4 Nf6 2.Nf3 g6 3.g3 Bg7 4.Bg2 O-O 5.c4 d6 6.O-O Nc6 7.Nc3 e5 8.d5 Ne7
9.e4 Nd7 10.Rb1 h6 11.Ne1 f5 12.exf5 gxf5 13.f4 exf4 14.Bxf4 Ne5 15.Nf3 Nxc4
16.Qc2 Kh7 17.Nb5 a6 18.Qxc4 axb5 19.Qb3 c6 20.dxc6 bxc6 21.Rbd1 Nd5 22.Rxd5 cxd5
23.Qxd5 Qb6+ 24.Kh1 Ra6 25.Nh4 Qc5 26.Qd1 Bd7 27.g4 Bc6 28.Nxf5 Bxg2+ 29.Kxg2 Rxa2
30.Rf2 Qc6+ 31.Kh3 Rxb2 32.Rxb2 Qc3+ 33.Bg3 Qxb2 34.Qd3 Kh8 35.Qxd6 Qf6 36.Qe5 h5
37.Nxg7 hxg4+ 38.Kxg4 Qxg7+ 39.Kh3 Kh7 40.Kg2 Qf7 41.Kh3 Qf5+ 42.Qxf5+ Rxf5  0-1

[Event "Manila ol (Women)"]
[Site "Manila"]
[Date "1992.??.??"]
[Round "?"]
[White "Phan Huynh Bang Ngan"]
[Black "Flear, Christine"]
[Result "1/2-1/2"]
[WhiteElo "2005"]
[BlackElo "2210"]

1.Nf3 Nf6 2.c4 g6 3.g3 Bg7 4.Bg2 d6 5.d4 O-O 6.O-O Nbd7 7.Nc3 e5 8.h3 c6
9.dxe5 Nxe5 10.Nxe5 dxe5 11.Be3 Qe7 12.Qa4 Be6 13.Rfd1 h6 14.Qa5 Rfd8 15.Bc5 Qe8
16.Qc7 Rd7 17.Qxe5 Nd5 18.Qe4 Bxc3 19.cxd5 cxd5 20.Qe3 Bxb2 21.Qxh6 Bg7 22.Qh4 Bf5
23.Bd4 Bxd4 24.Rxd4 Qxe2 25.Bxd5 Kg7 26.Bg2 Qe5 27.Rdd1 Rh8 28.Qb4 Rxd1+
29.Rxd1 Bxh3 30.Re1 Qf6 31.Qxb7 Bxg2 32.Kxg2 a5 33.Re4 Rh5 34.Qa8 Re5 35.Rh4 Rh5
36.Rxh5 gxh5 37.Qxa5 Qc6+ 38.Kh2 Qc2 39.Qe5+ Kg6 40.Qd6+ f6 41.Qf4 Qxa2 42.Qe4+ f5
43.Qc6+ Kg5 44.Kg2 Qd2 45.Qe6 Qc2 46.Qg8+ Kh6 47.Qf8+ Kg6 48.Qe8+ Kg5 49.Qe3+ Kg6
50.Kh3 Qc6 51.f3 Qf6 52.Qe8+ Kh6 53.f4 Qg7 54.Qe6+ Qg6 55.Qxg6+ Kxg6 56.Kg2 Kf7
57.Kf3 Ke6 58.Ke3 Kd5 59.Kd3 Kc5 60.Ke3 Kd5 61.Kf3 Ke6  1/2-1/2

[Event "Manila ol (Women)"]
[Site "Manila"]
[Date "1992.??.??"]
[Round "?"]
[White "Galliamova, Alisa"]
[Black "Voiska, Margarita"]
[Result "1-0"]
[WhiteElo "2410"]
[BlackElo "2345"]

1.d4 Nf6 2.c4 g6 3.Nf3 Bg7 4.g3 O-O 5.Bg2 d6 6.O-O Nbd7 7.Nc3 e5 8.Qc2 exd4
9.Nxd4 a6 10.Rd1 Re8 11.b3 Qe7 12.Bb2 c5 13.Nf3 Nf8 14.Qd2 Rd8 15.Ng5 Bf5
16.e4 Bg4 17.Re1 Re8 18.Nd5 Nxd5 19.exd5 Qc7 20.Bxg7 Kxg7 21.Qf4 Bf5 22.g4 f6
23.gxf5 fxg5 24.f6+ Kg8 25.Qxg5 Qf7 26.Re7 Rxe7 27.fxe7 Nd7 28.Re1 Re8 29.Bh3 Qf6
30.Qh6 Ne5 31.Rxe5 dxe5 32.Be6+ Kh8 33.d6 Rxe7 34.dxe7 Qxe7 35.Bd5  1-0

[Event "Manila ol (Women)"]
[Site "Manila"]
[Date "1992.??.??"]
[Round "?"]
[White "Galliamova, Alisa"]
[Black "Peng, Zhaoqin"]
[Result "1-0"]
[WhiteElo "2410"]
[BlackElo "2370"]

1.d4 Nf6 2.c4 g6 3.Nf3 Bg7 4.g3 O-O 5.Bg2 d6 6.O-O Nbd7 7.Nc3 e5 8.h3 Re8
9.e4 exd4 10.Nxd4 Nc5 11.Re1 Bd7 12.Rb1 Qc8 13.Kh2 c6 14.Bf4 Bf8 15.Nb3 Nxb3
16.axb3 Re6 17.Re2 c5 18.Nd5 Bc6 19.Nxf6+ Rxf6 20.Qc2 Re6 21.h4 Qc7 22.Rd2 Bg7
23.Rbd1 Be5 24.Bxe5 dxe5 25.Qc3 Re7 26.Qe3 b6 27.Qg5 Rae8 28.h5 Rd7 29.Rxd7 Bxd7
30.h6 Qc6 31.Rd5 f6 32.Qd2 Be6 33.Rd8 Kf7 34.Rd6 Qc7 35.f4 Ke7 36.fxe5 fxe5
37.Rd3 Rf8 38.Qg5+ Ke8 39.Bh3 Bxh3 40.Kxh3 Qe7 41.Qg4 a6 42.Kg2 b5 43.Rd2  1-0

[Event "Manila ol (Men)"]
[Site "Manila"]
[Date "1992.??.??"]
[Round "?"]
[White "Naimanye, Andrew"]
[Black "Garcia, Raul"]
[Result "0-1"]
[WhiteElo "2205"]
[BlackElo "2270"]

1.d4 Nf6 2.Nf3 g6 3.g3 Bg7 4.Bg2 O-O 5.c4 d6 6.Nc3 Nbd7 7.O-O e5 8.e4 c6
9.h3 Qb6 10.dxe5 dxe5 11.Qc2 Re8 12.Be3 Qc7 13.c5 Nf8 14.b4 Nh5 15.Rab1 f5
16.Bc1 Nf6 17.Nd2 Ne6 18.Ne2 Ng5 19.h4 Ngxe4 20.Nxe4 Nxe4 21.Bxe4 fxe4 22.Nc3 Bf5
23.Be3 Qf7 24.Rfe1 Qc4 25.Qb3 Qxb3 26.Rxb3 Rad8 27.a4 Rd3 28.Reb1 Red8 29.b5 Be6
30.Ra3 Bf8 31.Kf1 Rxe3 32.fxe3 Bxc5 33.Raa1 Bh3+ 34.Ke2 Bg4+ 35.Ke1 Bxe3
36.Nxe4 Bf5 37.Rb3 Bd4 38.Nc3 Be6 39.Rba3 Bc5 40.Ne4 Bxa3 41.Rxa3 Bf5 42.Nc5 cxb5
43.axb5 b6 44.Nb7 Rd7 45.Rxa7 Be4 46.Nc5 Rxa7  0-1

[Event "Manila ol (Men)"]
[Site "Manila"]
[Date "1992.??.??"]
[Round "?"]
[White "Lin Weiguo"]
[Black "Holmes, Donald A"]
[Result "1-0"]
[WhiteElo "2495"]
[BlackElo "2310"]

1.d4 Nf6 2.c4 g6 3.g3 Bg7 4.Bg2 O-O 5.Nf3 d6 6.O-O Nbd7 7.Nc3 e5 8.h3 c6
9.e4 Qb6 10.d5 Nc5 11.Ne1 cxd5 12.cxd5 Bd7 13.Nd3 Nxd3 14.Qxd3 Rfc8 15.Rb1 Qb4
16.Be3 Rc4 17.Rfc1 Rac8 18.Qd1 h5 19.f3 Nh7 20.Bf1 R4c7 21.a3 Qa5 22.Ra1 b5
23.b4 Qa6 24.Qd3 Rc4 25.Qd2 Rd4 26.Qe2 Rdc4 27.Qe1 f5 28.Bxc4 Rxc4 29.Ne2 Qc8
30.Rxc4 bxc4 31.Rc1 f4 32.gxf4 Bxh3 33.Qg3 Nf8 34.f5 Bxf5 35.exf5 Qxf5 36.Nc3  1-0

[Event "Manila ol (Men)"]
[Site "Manila"]
[Date "1992.??.??"]
[Round "?"]
[White "Orr, Mark J L"]
[Black "Berend, Fred"]
[Result "0-1"]
[WhiteElo "2380"]
[BlackElo "2275"]

1.d4 Nf6 2.c4 g6 3.g3 Bg7 4.Bg2 d6 5.Nf3 O-O 6.O-O Nbd7 7.Nc3 e5 8.e4 c6
9.h3 Qb6 10.d5 Nc5 11.Qe2 cxd5 12.cxd5 a5 13.Be3 Bd7 14.Rfc1 Rfc8 15.Ne1 Qd8
16.Nd3 b6 17.b3 Ne8 18.Rab1 Rcb8 19.b4 Nxd3 20.Qxd3 f5 21.bxa5 bxa5 22.Nb5 fxe4
23.Bxe4 Bxh3 24.a4 Nf6 25.Bg5 Qf8 26.Bxf6 Qxf6 27.Rc6 Bd7 28.Rf1 Bf8 29.Rfc1 Be7
30.Qf3 Qxf3 31.Bxf3 Rd8 32.Bg2 Bf5 33.R1c3 Rd7 34.Bf1 Kg7 35.Rc7 Rad8 36.R3c6 Rxc7
37.Nxc7 Bd7 38.Ra6 Rc8 39.Na8 Rc1 40.Kg2 Bxa4 41.Rxa5 Bc2 42.Be2 Kf6 43.Nb6 Re1
44.Bc4 Rb1 45.Nc8 Be4+ 46.f3 Rb2+ 47.Kf1 Bxf3 48.Nxe7 Kxe7 49.Ra7+ Kf6 50.Rd7 e4
51.Rxd6+ Ke5 52.Ra6 e3 53.Ra1 Rh2  0-1

[Event "Manila ol (Men)"]
[Site "Manila"]
[Date "1992.??.??"]
[Round "?"]
[White "Manninen, Marko"]
[Black "Barcenilla, Rogelio"]
[Result "1/2-1/2"]
[WhiteElo "2450"]
[BlackElo "2465"]

1.d4 Nf6 2.c4 g6 3.g3 Bg7 4.Bg2 O-O 5.Nf3 d6 6.Nc3 Nc6 7.d5 Na5 8.b3 c5 9.Bb2 a6
10.Nd2 Rb8 11.O-O b5 12.Qc2 bxc4 13.bxc4 Bh6 14.f4 Bg7 15.Rab1 Bd7 16.Nd1 e6
17.dxe6 Bxe6 18.e4 Nc6 19.Nf3 Qa5 20.a3 Nd4 21.Nxd4 cxd4 22.f5 gxf5 23.exf5 d3
24.Qxd3 Qc5+ 25.Ne3 Rxb2 26.Rxb2 Ng4 27.Re2 Nxe3 28.fxe6 Nxf1+ 29.Kxf1 fxe6+
30.Bf3 Qd4 31.Qxd4 Bxd4 32.Kg2 Kf7 33.Bb7  1/2-1/2

[Event "Manila ol (Men)"]
[Site "Manila"]
[Date "1992.??.??"]
[Round "?"]
[White "Manninen, Marko"]
[Black "Wahls, Matthias"]
[Result "0-1"]
[WhiteElo "2450"]
[BlackElo "2570"]

1.d4 Nf6 2.c4 g6 3.g3 Bg7 4.Bg2 O-O 5.Nf3 d6 6.Nc3 Nc6 7.O-O Bf5 8.Ne1 Qc8
9.e4 Bh3 10.f4 Bxg2 11.Kxg2 Na5 12.Qd3 c5 13.d5 a6 14.Bd2 b5 15.cxb5 c4 16.Qf3 axb5
17.Nc2 Nd7 18.Rab1 Qb7 19.Nb4 Nc5 20.Rfe1 Rfc8 21.e5 Nd3 22.Nxd3 cxd3 23.Qxd3 dxe5
24.fxe5 Nc4 25.Bf4 b4 26.Re4 Nxe5 27.Bxe5 Bxe5 28.Nb5 Rc5 29.Rxe5 Rxb5 30.Qe4 Rxa2
31.Rxe7 Qxd5 32.Qxd5 Rxd5 33.Re2 Rd4 34.Rc1 Ra7 35.Rc6 Kg7 36.Rc5 Rad7 37.Kf2 h5
38.h4 Rd3 39.Rcc2 Rb3 40.Re3 Rdd3 41.Rxd3 Rxd3 42.Kg2 Kf6 43.Kh3 Ke5 44.Rc7 f5
45.Re7+ Kd5 46.Rf7 Rd4 47.Rf6 Rg4 48.b3 Kd4 49.Rc6 Kd3 50.Kh2 Ke3 51.Rd6 f4  0-1

[Event "Manila ol (Men)"]
[Site "Manila"]
[Date "1992.??.??"]
[Round "?"]
[White "Temirbaev, Serik"]
[Black "Annageldiev, Orazly"]
[Result "1-0"]
[WhiteElo "2435"]
[BlackElo "2420"]

1.d4 Nf6 2.c4 d6 3.Nf3 g6 4.g3 Bg7 5.Bg2 O-O 6.O-O c5 7.Nc3 Nc6 8.d5 Na5
9.Nd2 e5 10.a3 b6 11.b4 Nb7 12.Rb1 Ne8 13.Nb3 f5 14.Bd2 cxb4 15.axb4 Qc7
16.c5 bxc5 17.bxc5 Nxc5 18.Nb5 Qb6 19.Nxd6 Nxd6 20.Be3 Qc7 21.Rc1 Qe7 22.Bxc5 Bd7
23.Na5 Bb5 24.Qb3 a6 25.Qa3 Rfd8 26.Nc6 Bxc6 27.dxc6 e4 28.Rfd1 Bf8 29.Bf1 h5
30.e3 a5 31.Rd4 Rac8 32.Bb6 Re8 33.Qxa5 Kh8 34.Rdd1 Nf7 35.Rd7 Qe6 36.Bc4  1-0

[Event "Manila ol (Men)"]
[Site "Manila"]
[Date "1992.??.??"]
[Round "?"]
[White "Hulak, Krunoslav"]
[Black "Reyes, Juan"]
[Result "0-1"]
[WhiteElo "2515"]
[BlackElo "2415"]

1.d4 Nf6 2.c4 g6 3.g3 Bg7 4.Bg2 d6 5.Nf3 O-O 6.O-O Nbd7 7.Nc3 c6 8.e4 e5
9.Re1 Qb6 10.h3 exd4 11.Nxd4 Ne8 12.Nb3 a5 13.Be3 Qb4 14.a3 Qxc4 15.Nd4 f6
16.Bf1 Qf7 17.b3 Nc5 18.f4 f5 19.Bc4 Ne6 20.Bf1 fxe4 21.Nxe4 Nxd4 22.Bxd4 Bxd4+
23.Qxd4 d5 24.Ng5 Qf6 25.Re5 Nd6 26.Rae1 h6 27.Nf3 Bf5 28.Kh2 Be4 29.Nd2 Rae8
30.Nxe4 Nxe4 31.Bg2 Rxe5 32.Qxe5 Qxe5 33.fxe5 Rf2 34.e6 Kf8 35.Kg1 Rb2 36.Bxe4 dxe4
37.Re3 Ke7 38.a4 b5 39.Rxe4 Rxb3  0-1

[Event "Manila ol (Men)"]
[Site "Manila"]
[Date "1992.??.??"]
[Round "?"]
[White "Sarfati, Jonathan D"]
[Black "Mohd, Kamal Abdullah"]
[Result "0-1"]
[WhiteElo "2305"]
[BlackElo "2205"]

1.d4 Nf6 2.c4 g6 3.Nf3 Bg7 4.g3 O-O 5.Bg2 d6 6.O-O Nc6 7.Nc3 e5 8.d5 Ne7
9.e4 Ne8 10.Ne1 f5 11.Nd3 Nf6 12.Bd2 h6 13.Rc1 g5 14.exf5 Bxf5 15.Qe2 Qe8
16.f3 c6 17.Ne4 Qd8 18.c5 dxc5 19.dxc6 b6 20.b4 Nxc6 21.bxc5 Nd4 22.Qe3 Nxe4
23.fxe4 Bg4 24.Kh1 Rxf1+ 25.Rxf1 Nc2 26.Qf2 Qxd3 27.Qf7+ Kh8 28.cxb6 axb6
29.Qb7 Rf8 30.Rxf8+ Bxf8 31.Qf7 Bg7 32.Qf2 Qe2  0-1

[Event "Melbourne Masters"]
[Site "Melbourne"]
[Date "1992.??.??"]
[Round "4"]
[White "Kagan, Naum"]
[Black "Rogers, Ian"]
[Result "0-1"]
[WhiteElo "2310"]
[BlackElo "2550"]

1.d4 d6 2.c4 g6 3.g3 Bg7 4.Bg2 Nf6 5.Nf3 O-O 6.Nc3 c6 7.O-O Qa5 8.e4 Qh5
9.e5 dxe5 10.Nxe5 Ng4 11.Nxg4 Bxg4 12.Qb3 Bxd4 13.Qxb7 Nd7 14.Bf4 Rac8 15.Ne4 Rfe8
16.Rfe1 Ne5 17.Bxe5 Qxe5 18.c5 Qc7 19.Qb4 Red8 20.Rab1 Rb8 21.Qa3 a5 22.b4 axb4
23.Rxb4 Bf5 24.Rxb8 Rxb8 25.Qa4 e5 26.Nd6 Bd7 27.Nc4 Be6 28.Rc1 Bxc5 29.Bxc6 Rc8
30.Na5 Qa7 31.Rc2 Bb6 32.Nb7 Bd5 33.Qxa7 Bxa7 34.Na5 Bb6 35.Rd2 Bxc6  0-1

[Event "Mlada Boleslav op"]
[Site "Mlada Boleslav"]
[Date "1992.??.??"]
[Round "2"]
[White "Smejkal, Jan"]
[Black "Horak, Michal"]
[Result "0-1"]
[WhiteElo "2525"]
[BlackElo "2300"]

1.Nf3 Nf6 2.c4 g6 3.d4 Bg7 4.g3 O-O 5.Bg2 d6 6.O-O Nc6 7.Nc3 Bg4 8.d5 Na5
9.b3 c5 10.Bb2 a6 11.Nd2 Qd7 12.Qc2 b5 13.f3 Bh3 14.Bxh3 Qxh3 15.Nd1 h5 16.Nf2 Qd7
17.Rae1 Rae8 18.e4 Nb7 19.f4 h4 20.e5 hxg3 21.hxg3 dxe5 22.fxe5 Nh5 23.Nde4 f5
24.Ng5 Nd8 25.Nfh3 Nxg3 26.Rf2 e6 27.Rg2 Nh5 28.d6 Nc6 29.Nf3 Kf7 30.Nhg5+ Kg8
31.Nh3 Kf7 32.Nfg5+ Kg8 33.Qf2 f4 34.Nf3 Ng3 35.Nxf4 Rxf4 36.Qxg3 Ref8 37.Ng5 R8f5
38.Ne4  0-1

[Event "Mlada Boleslav op"]
[Site "Mlada Boleslav"]
[Date "1992.??.??"]
[Round "8"]
[White "Smejkal, Jan"]
[Black "Suchorukow, Andrei"]
[Result "1-0"]
[WhiteElo "2525"]
[BlackElo "2300"]

1.Nf3 Nf6 2.c4 g6 3.d4 Bg7 4.g3 O-O 5.Bg2 d6 6.O-O Nc6 7.Nc3 Rb8 8.h3 a6
9.Bg5 b5 10.cxb5 axb5 11.Rc1 Bd7 12.d5 Na5 13.b4 Nc4 14.Nd4 h6 15.Bxf6 Bxf6
16.e3 Qc8 17.Qe2 Qa6 18.a4 Nb6 19.a5 Nc4 20.Rfd1 Rfe8 21.Re1 Kg7 22.Ncxb5 Bxb5
23.Nxb5 Qxb5 24.Rxc4 Qa4 25.Rb1 Rb7 26.Qc2 Qxc2 27.Rxc2 Ra8 28.Bf1 Raa7 29.a6 Rb8
30.Rbc1 Rxb4 31.Rxc7 Ra8 32.Rc8 Rxc8 33.Rxc8 Ra4 34.Rc7 Bb2 35.a7  1-0